Statystyki dla Whisky

Kliknij tutaj aby rozwiązać quiz!

Ogólne statystyki

  • Ten quiz został rozwiązany 362 razy
    (361 od ostatniego zresetowania)
  • Średni wynik to 5 z 16

Statystyki odpowiedzi

Pierwsza literaOdpwiedź% Poprawnych
JJack Daniel's
94%
JJohnnie Walker
68%
BBallantine's
66%
JJim Beam
63%
GGrant's
54%
JJameson
29%
CChivas Regal
23%
TTullamore Dew
18%
BBushmills
16%
GGlenfiddich
13%
PPassport Scotch Blended
8%
JJ.A. Baczewski
7%
BBell's
6%
WWild Turkey
5%
WWilliam Peel
4%
DThe Dalmore
3%

Rozkład punktacji

Percentyl według liczby udzielonych odpowiedzi

Procent ludzi z każdym wynikiem

Twoja historia wyników

Nie rozwiązałeś tego quizu od ostatniego zresetowania